[Event "Gallipoli Salento op 9th"]
[Site "Gallipoli"]
[Date "2020.09.24"]
[Round "7"]
[White "Ruscitti, Simone"]
[Black "Corvino, Marco Antonio"]
[Result "0-1"]
[WhiteElo "1572"]
[BlackElo "1617"]
[PlyCount "116"]
[EventDate "2020.09.19"]
[EventType "swiss"]
[EventRounds "9"]
[EventCountry "ITA"]
[SourceTitle "CBM 198 Extra"]
[Source "ChessBase"]
[SourceDate "2020.11.30"]
[SourceVersion "1"]
[SourceVersionDate "2020.11.30"]
[SourceQuality "1"]

1. d4 Nf6 2. Nc3 e6 3. e4 Bb4 4. Bd3 b6 5. Bg5 h6 6. Bh4 Bb7 7. f3 Be7 8. Nge2 d5 9. e5 Nfd7 10. Bxe7 Qxe7 11. 0-0 a6 12. f4 c5 13. f5 cxd4 14. fxe6 dxc3 15. exd7+ Nxd7 16. e6 Qxe6 17. Nf4 Qe3+ 18. Kh1 0-0 19. Qh5 Nf6 20. Qf5 Bc8 21. Nxd5 Bxf5 22. Nxe3 Bxd3 23. cxd3 cxb2 24. Rab1 Rfe8 25. Nc4 b5 26. Nxb2 Re2 27. a4 Nd5 28. axb5 axb5 29. Nd1 b4 30. h3 Raa2 31. Rf5 Re1+ 32. Kh2 Ne3 33. Nxe3 Rxb1 34. Rb5 b3 35. Rb8+ Kh7 36. d4 Re2 37. Nc4 Re7 38. d5 Rc7 39. Ne5 Rc5 40. d6 Rxe5 41. d7 Rd1 42. d8Q Rxd8 43. Rxd8 Rb5 44. Rd1 b2 45. Rb1 Kg6 46. Kg3 Kf5 47. Kf3 h5 48. Ke3 f6 49. Rf1+ Ke5 50. Rb1 g5 51. g3 h4 52. gxh4 gxh4 53. Kf3 Kf5 54. Ke3 Rb3+ 55. Kd4 Kf4 56. Kc4 Rb8 57. Kc3 Kg3 58. Kc2 Kxh3 0-1

[Event "Gallipoli Salento op 9th"]
[Site "Gallipoli"]
[Date "2020.09.20"]
[Round "2"]
[White "De Lisa, Carmine"]
[Black "Ruscitti, Simone"]
[Result "0-1"]
[WhiteElo "1667"]
[BlackElo "1572"]
[PlyCount "108"]
[EventDate "2020.09.19"]
[EventType "swiss"]
[EventRounds "9"]
[EventCountry "ITA"]
[SourceTitle "CBM 198 Extra"]
[Source "ChessBase"]
[SourceDate "2020.11.30"]
[SourceVersion "1"]
[SourceVersionDate "2020.11.30"]
[SourceQuality "1"]

1. e4 Nf6 2. e5 Nd5 3. c4 Nb6 4. d4 d6 5. f4 dxe5 6. fxe5 g6 7. Be2 c5 8. Be3 cxd4 9. Qxd4 Nc6 10. Qxd8+ Kxd8 11. Nf3 Bg7 12. Bf4 e6 13. Nc3 h6 14. 0-0 Nd7 15. Rad1 Ke7 16. Rfe1 Ndxe5 17. Nxe5 Bxe5 18. Bxe5 Nxe5 19. c5 Bd7 20. b4 Rhd8 21. a4 Bc6 22. b5 Bd5 23. Bf1 Kf6 24. Nxd5+ Rxd5 25. Rxd5 exd5 26. Rc1 Rc8 27. g3 Ke6 28. Bh3+ f5 29. Bg2 Nd3 30. Rd1 Nxc5 31. Bxd5+ Ke5 32. Bf7 Kf6 33. Bd5 b6 34. Ra1 Rd8 35. Bc6 Rd4 36. a5 Ke5 37. axb6 axb6 38. Ra8 f4 39. Re8+ Kf5 40. Rf8+ Kg4 41. gxf4 Rxf4 42. Rb8 Na4 43. Kg2 Rb4 44. Kf2 Rb2+ 45. Kg1 g5 46. Rg8 Rb4 47. Rb8 Kh4 48. Rh8 h5 49. Be8 Nc3 50. Bxh5 g4 51. Be8+ Kg5 52. Rg8+ Kf4 53. Bc6 Rb2 54. h4 Ne2+ 0-1